000 00668nam a2200265Ia 4500
005 20260306164052.0
008 008 260114s9999 xx 000 0 eng d
020 _a9780823297139
037 _aEBOOK
040 _aCRL
040 _beng
040 _cCRL
041 _2eng
041 _aeng
084 _qCRL
100 _aDerrida
_9810184
245 0 _aDeconstruction In A Nutshell: A Conversation With Jacques Derrida, With A New Introduction
260 _bFordham University Press
260 _c2021
650 _aPhilosophy
856 _uhttps://academic.oup.com/book/40226
942 _cEBOOK
999 _c1712624
_d1712624